<?xml version="1.0" encoding="UTF-8"?>
<record
    xmlns:xsi="http://www.w3.org/2001/XMLSchema-instance"
    xsi:schemaLocation="http://www.loc.gov/MARC21/slim http://www.loc.gov/standards/marcxml/schema/MARC21slim.xsd"
    xmlns="http://www.loc.gov/MARC21/slim">

  <leader>00826nam a2200205Ia 4500</leader>
  <datafield tag="999" ind1=" " ind2=" ">
    <subfield code="c">37825</subfield>
    <subfield code="d">37825</subfield>
  </datafield>
  <controlfield tag="001">3802</controlfield>
  <controlfield tag="003">GE_BSU</controlfield>
  <controlfield tag="005">20190814161132.0</controlfield>
  <controlfield tag="008">181216s1979||||ge |||||||||||||| ||geo||</controlfield>
  <datafield tag="040" ind1=" " ind2=" ">
    <subfield code="c">GE_BSU</subfield>
  </datafield>
  <datafield tag="041" ind1=" " ind2=" ">
    <subfield code="a">geo</subfield>
  </datafield>
  <datafield tag="080" ind1=" " ind2=" ">
    <subfield code="a">616.89+159.924+821.353.1.092 &#x10D6;&#x2013;97</subfield>
  </datafield>
  <datafield tag="100" ind1=" " ind2=" ">
    <subfield code="a">&#x10D6;&#x10E3;&#x10E0;&#x10D0;&#x10D1;&#x10D0;&#x10E8;&#x10D5;&#x10D8;&#x10DA;&#x10D8;, &#x10D0;&#x10D5;&#x10DA;&#x10D8;&#x10DE;&#x10D8;</subfield>
    <subfield code="9">3600</subfield>
  </datafield>
  <datafield tag="245" ind1=" " ind2=" ">
    <subfield code="a">&#x10DE;&#x10D4;&#x10E0;&#x10E1;&#x10DD;&#x10DC;&#x10DD;&#x10DA;&#x10DD;&#x10D2;&#x10D8;&#x10E3;&#x10E0;&#x10D8; &#x10EB;&#x10D8;&#x10D4;&#x10D1;&#x10D0;&#x10DC;&#x10D8; /</subfield>
    <subfield code="c">&#x10E0;&#x10D4;&#x10D3;.&#x10D1;. &#x10DC;&#x10D0;&#x10DC;&#x10D4;&#x10D8;&#x10E8;&#x10D5;&#x10D8;&#x10DA;&#x10D8;</subfield>
  </datafield>
  <datafield tag="264" ind1=" " ind2=" ">
    <subfield code="a">&#x10D7;&#x10D1;. :  </subfield>
    <subfield code="b">&#x10DB;&#x10D4;&#x10EA;&#x10DC;&#x10D8;&#x10D4;&#x10E0;&#x10D4;&#x10D1;&#x10D0;,</subfield>
    <subfield code="c">1979. </subfield>
  </datafield>
  <datafield tag="300" ind1=" " ind2=" ">
    <subfield code="a">236 &#x10D2;&#x10D5;.;</subfield>
    <subfield code="b">22 &#x10E1;&#x10DB;.</subfield>
  </datafield>
  <datafield tag="653" ind1=" " ind2=" ">
    <subfield code="a"> &#x10E5;&#x10D0;&#x10E0;&#x10D7;&#x10D5;&#x10D4;&#x10DA; &#x10DB;&#x10EC;&#x10D4;&#x10E0;&#x10D0;&#x10DA;&#x10D7;&#x10D0; &#x10E4;&#x10E1;&#x10D8;&#x10E5;&#x10DD;&#x10DA;&#x10DD;&#x10D2;&#x10D8;&#x10E3;&#x10E0;&#x10D8; &#x10DE;&#x10DD;&#x10E0;&#x10E2;&#x10E0;&#x10D4;&#x10E2;&#x10D8;</subfield>
  </datafield>
  <datafield tag="700" ind1=" " ind2=" ">
    <subfield code="a">&#x10DC;&#x10D0;&#x10DC;&#x10D4;&#x10D8;&#x10E8;&#x10D5;&#x10D8;&#x10DA;&#x10D8;, &#x10D1;.  </subfield>
    <subfield code="e">&#x10E0;&#x10D4;&#x10D3;&#x10D0;&#x10E5;&#x10E2;&#x10DD;&#x10E0;&#x10D8;</subfield>
    <subfield code="9">3601</subfield>
  </datafield>
  <datafield tag="942" ind1=" " ind2=" ">
    <subfield code="c">BK</subfield>
    <subfield code="2">udc</subfield>
  </datafield>
  <datafield tag="952" ind1=" " ind2=" ">
    <subfield code="0">0</subfield>
    <subfield code="1">0</subfield>
    <subfield code="2">udc</subfield>
    <subfield code="4">0</subfield>
    <subfield code="6">616891599248213531092_&#x10D6;97</subfield>
    <subfield code="7">0</subfield>
    <subfield code="9">38390</subfield>
    <subfield code="a">CPL</subfield>
    <subfield code="b">CPL</subfield>
    <subfield code="c">GEN</subfield>
    <subfield code="d">2018-12-17</subfield>
    <subfield code="g">1.20</subfield>
    <subfield code="o">616.89+159.924+821.353.1.092 &#x10D6;&#x2013;97</subfield>
    <subfield code="p">5419</subfield>
    <subfield code="r">2018-12-17</subfield>
    <subfield code="t">5419</subfield>
    <subfield code="w">2018-12-17</subfield>
    <subfield code="y">BK</subfield>
    <subfield code="z">1&#x10DA;. 20 &#x10D7;.</subfield>
  </datafield>
  <datafield tag="952" ind1=" " ind2=" ">
    <subfield code="0">0</subfield>
    <subfield code="1">0</subfield>
    <subfield code="2">udc</subfield>
    <subfield code="4">0</subfield>
    <subfield code="6">616891599248213531092_&#x10D6;97</subfield>
    <subfield code="7">0</subfield>
    <subfield code="9">38391</subfield>
    <subfield code="a">CPL</subfield>
    <subfield code="b">CPL</subfield>
    <subfield code="c">GEN</subfield>
    <subfield code="d">2018-12-17</subfield>
    <subfield code="g">1.20</subfield>
    <subfield code="o">616.89+159.924+821.353.1.092  &#x10D6;&#x2013;97</subfield>
    <subfield code="p">5420</subfield>
    <subfield code="r">2018-12-17</subfield>
    <subfield code="t">5420</subfield>
    <subfield code="w">2018-12-17</subfield>
    <subfield code="y">BK</subfield>
    <subfield code="z">1&#x10DA;. 20 &#x10D7;.</subfield>
  </datafield>
  <datafield tag="952" ind1=" " ind2=" ">
    <subfield code="0">0</subfield>
    <subfield code="1">0</subfield>
    <subfield code="2">udc</subfield>
    <subfield code="4">0</subfield>
    <subfield code="6">616891599248213531092_&#x10D6;97</subfield>
    <subfield code="7">0</subfield>
    <subfield code="9">38392</subfield>
    <subfield code="a">CPL</subfield>
    <subfield code="b">CPL</subfield>
    <subfield code="c">GEN</subfield>
    <subfield code="d">2018-12-17</subfield>
    <subfield code="g">2.50</subfield>
    <subfield code="o">616.89+159.924+821.353.1.092 &#x10D6;&#x2013;97</subfield>
    <subfield code="p">5421</subfield>
    <subfield code="r">2018-12-17</subfield>
    <subfield code="t">5421</subfield>
    <subfield code="w">2018-12-17</subfield>
    <subfield code="y">BK</subfield>
    <subfield code="z">2&#x10DA;. 50 &#x10D7;.</subfield>
  </datafield>
</record>
